Un objet, plusieurs mots n2 - Statistiques

Statistiques générales
  • Ce quiz a été pris 41 fois
  • Le résultat moyen est 5 sur 14
Statistiques - réponses
Réponse % Correct
voiture
100%
bagnole
73%
caisse
70%
auto
59%
titine
43%
char
41%
gova
35%
automobile
32%
gamos
8%
tacot
5%
coche
3%
pot de yaourt
3%
fourgon
0%
vaco
0%
Aucun quiz correspondant
Distribution des résultats
% des personnes avec chaque résultat
Percentile par nombre de réponses
Votre historique - résultats
Vous n’avez pas pris ce quiz